| 000 | 01004nam0a22002531 4500 | ||
|---|---|---|---|
| 001 | rc\2636037 | ||
| 005 | 20230510170437.0 | ||
| 035 | _a(NLR Aleph) 006799438 | ||
| 090 |
_a6227972 _c6227972 |
||
| 100 | _a20110914d1932 |||y0rusy50 ca | ||
| 101 | 0 | _arus | |
| 102 | _aRU | ||
| 105 | _ab z ||||| | ||
| 200 | 1 |
_aСоциалистическое переустройство сельского хозяйства СССР между XV и XVI съездами ВКП(б) _e[Сборник] _fПод ред. С. В. Минаева |
|
| 205 | _a2-е изд. | ||
| 210 |
_aМосква _aЛенинград _cГос. соц.-экон. изд-во _d1932 _g8 тип. Мособлполиграфа |
||
| 215 |
_aОбл., 260, [3] с., включ. тит. л. _cкартогр. _d20х13 см. |
||
| 702 | 1 |
_aМинаев _bС. В. _gСергей Владимирович _4340 |
|
| 801 | 0 |
_aRU _bNLR _gpsbo |
|
| 801 | 1 |
_aRU _bELAR _2rusmarc |
|
| 852 |
_aNLR _j32-1/1093 |
||
| 942 | _cBOOK | ||
| 980 | _aNB | ||